000 02743nam a2200301 4500
003 EC-UNACH
005 20251212163458.0
006 s||||gr|||| 00| 00
008 150116t9999 mx r gr 000 0 spa d
020 _a978-998-9984-2-7
040 _aEC-UNACH
_cEC-UNACH
041 _aspa
082 0 4 _223
_a345
_bL018483
110 _aEdilex S,A
245 _aManual de practica procesal penal
250 _aS/N
264 _aPerú
_bEdilex S,A
_c2009
300 _a589
505 _aNota del autor . Denuncia por falsedad documental ... Denuncia por violación de derecho a la intimidad .. Denuncia contra fiscal por privación ilegal de la libertad.. Denuncia por muerte .. Consulta en delito de prevaricato en casación ... Informe jurídico por consulta .. Acusación particular por muerte .. Acusación particular por falsedad de cheque .. Contestación de queja contra juez penal ..Escrito pidiendo desestimación de denuncia .. Escrito Fiscalía General. Tentativa .. Petición de inicio de instrucción fiscal .. Escrito analizando capacidad de culpabilidad.. Petición por trastorno de personalidad antisocial.. Fundamentos para la negativa a dictar la prisión preventiva .. Escrito oponiéndose a prisión preventiva .. Petición de negativa para dictar la prisión preventiva .. Apelación de prisión preventiva .. Petición de sustitución de prisión preventiva .. Petición de habeas corpus.. Amparo de libertad ..Memorial de defensa para sobreseimiento ..Auto de sobreseimiento ..Auto de sobreseimiento provisional.. Apelación de llamamiento a juicio. Caso de drogas ..Memorial ante la 2da. Sala Penal.. Petición de confirmación de sobres emorial ante 3ra. Sala Penal para sobreseimiento ..Sobreseimiento con doctrina de participación. Auto resolutorio de sobreseimiento definitivo por delito sexual.. Apelación de auto de nulidad .. Petición de revocatoria de auto de nulidad .. Recurso de apelación de llamamiento a juicio.. Escrito pidiendo revocatoria de llamamiento a juicio.. Resolución aplicando principio de legalidad y de congruencia .. Sentencia como encubridor ..Apuntes sobre casación penal .. Escrito en recurso de casación.. Recurso de casación ..El recurso de revisión en el Procedimiento Penal ecuatoriano ..Recurso de revisión .. Reflexiones sobre la teoría de la participación.. Alegato en caso bancario .. Alegato para sobreseimiento .. Alegato sobre prueba ilícita 1 .. Alegato sobre prueba ilícita 2
650 _aDENUNCIA POR FALSEDAD
650 _aAPELACION
650 _aAMPARO DE LIBERTAD
700 _aAlfonso Zambrano Pasquel
942 _2ddc
_c1
999 _c14289